• 首页
  • 本馆介绍
  • 公告通知
  • 最新文献
  • 馆藏检索
  • 电子资源
  • 读者导购
  • 参考咨询
  • 我的图书馆
  • 登录
  • 详细信息显示
  • 放入我的书架
  • 预约/预借图书
  • 作者相关作品
  • 分类相关作品
  • 丛书相关作品
  • 出版社相关作品

书目信息

  • 表格格式
  • 工作单格式
  • 卡片格式
题名:
无机合成
    
 
作者: BUSCH 主编 ;陈声昌 译
分册: 第二十卷  
出版信息: 北京   科学出版社  1986
页数: 293页
开本: 20cm
丛书名:
单 册:
中图分类: O611.6
科图分类:
主题词: 化学合成:无机化学 , 无机化学:化学合成
电子资源:
ISBN:
000 00723nam0 2200253 45
001 0186010178
005 20060510164332.71
010    @dCNY2.75
091    @a13031.3188
100    @a19900818d1986 kemy0chiy0121 ea
101 1  @achi@ceng
102    @aCN@b110000
105    @ay z 000yy
200 10 @a无机合成@Awu ji he cheng@h第二十卷@f(美)DARYLE·H·BUSCH主编@F(mei)DARYLE·H·BUSCH zhu bian@g陈声昌译
210    @a北京@c科学出版社@d1986
215    @a293页@d20cm
606    @a化学合成:无机化学
606    @a无机化学:化学合成
690    @aO611.6@v4
701  0 @aBUSCH@4主编
702  0 @a陈声昌@Achen sheng chang@4译
801  0 @aCN@bTSSF@c20060510
801  2 @aCN@bNLC@c20060331
905    @a10447@dO611.6@e2:20
    
    无机合成.第二十卷/(美)DARYLE·H·BUSCH主编/陈声昌译.-北京:科学出版社,1986
    293页;20cm
    
    
    ISBN :CNY2.75
    
●
相关链接 在E读中查询图书 在五车中查询图书 在当当中查询图书 在豆瓣中查询图书


正题名:无机合成     索取号:O611.6/2:20         预约/预借

序号 登录号 条形码 馆藏地/架位号 状态 备注
1 0157484   202312318   密集书库/ [索取号:O611.6/2:20] 在馆    
2 0157485   202236348   密集书库/ [索取号:O611.6/2:20] 在馆    
3 0157486   202447655   第二样本阅览室/ [索取号:O611.6/2:20] 在馆    
唐山师范学院图书馆 欢迎您!
大连网信软件有限公司© 版权所有